000 00922nac a22002657a 4500
001 BR0705667
003 BR-BrBNA
005 20240105123511.0
008 230509b bl.|||m| |||| 00| 0 por d
040 _aBR-BrBNA
_bpor
_cBiblioteca Nacional de Agricultura
072 _aM11
090 _aM11 BR0705667
110 1 _aPrograma de Pesquisa e Desenvolvimento Pesqueiro do Brasil, Brasília, DF (Brasil)
_97976
245 1 _aNavio de Pesquisa Mestre Jeronimo. Relatório do Cruzeiro no. 4 de 1972
260 3 _aBrasília, DF (Brasil):
_c1972.
300 _a5 p.
490 _aNavio de Pesquisa Mestre Jeronimo. Relatório do Cruzeiro (Brazil)
_vno. 4
_x
500 _aDocumento microfilmado e tratado BR7601904
650 _aPESCA
650 _aPRODUÇÃO PESQUEIRA
650 _aPEIXE MARINHO
650 _aDESENVOLVIMENTO PESQUEIRO
909 _a202312
_bLúcia Elande
_c55
_dLúcia Elande
942 _2AGRIS
_n0
_cMS
999 _c295748
_d295748